Archaeological Treasures - Statistics

General Stats
  • This quiz has been taken 141 times
  • The average score is 14 of 30
Answer Stats
Clue #1 Clue #2 Clue #3 Clue #4 Clue #5 Answer % Correct
Circle Druid Salisbury Calendar Solstice Stonehenge
89%
War Homer Walled Horse Achilles Ancient City of Troy
80%
Eruption City Vesuvius Roman Ash Pompeii and Herculaneum
77%
Chambers Khufu Eygpt Pharaoh Stones The Great Pyramid of Giza
73%
Hieroglyphs Nile Language Decree Translation Rosetta Stone
72%
Animals Flavian Gladiators Battles Amphitheatre Colosseum
71%
Temple Inca Cuzco Andes Peru Machu Picchu
70%
Carter Sarcophagus Mummy Curse Mask Tomb of Tutankhamen
70%
Largest Voyage Iceberg Southampton Lifeboats Wreck of the Titanic
68%
Island Eyes Topknot Statues Pacific The Moai
64%
Fortification Invaders Ming Border Guards Great Wall of China
57%
Doric Temple Classical Acropolis Athena The Parthenon
57%
Stone Desert Jordan Carved Passage Petra
53%
Moats Jungle Khmer Temple Hindu Angkor Wat
52%
Underground Quarries Ossuary Network Paris Catacombs
49%
Alps Leather Frozen Tatoos Axe Otzi, the Iceman
48%
Mausoleum China Afterlife Emperor Soldiers Terracotta Army
42%
Qumran Inscriptions Hebrew Parchment Essenes Dead Sea Scrolls
38%
Plantagenet Bosworth Scoliosis Leicester Carpark King Richard III
35%
Greek Louvre Goddess Marble Armless Venus de Milo
33%
Earthquake Minoan Dolphins Crete Minotaur Palace of Knossos
28%
Spain Palace Sultan Moors Andalusia The Alhambra
27%
Mounds Suffolk Burial Angles Saxons Sutton Hoo
24%
Ethiopia Ancestor Lucy Africa Skeleton Australopithecus afarensis
23%
Dordogne Palaeolithic Bison Paintings France Lascaux Cave
22%
Capsized Stockholm Flagship Cannon Harbour The Vasa
17%
Israel Mountain Judaea Siege Fortess Masada
13%
Lhasa Shrines Buddhist Tibet Statues Potala Palace
7%
Pit Blackbeard Legend Atlantic Treasure Oak Island
5%
Vinland Sod Vikings Newfoundland Erikson L'Anse aux Meadows
4%
No matching quizzes found
Score Distribution
Percent of People with Each Score
Percentile by Number Answered
Your Score History
You have not taken this quiz